000 01103nam a22002897a 4500
001 BR8705131
003 BR-BrBNA
005 20230928092721.0
007 ta
008 230509b bl.||||| |||| 00| 0 por d
040 _aBR-BrBNA
_bpor
_cBiblioteca Nacional de Agricultura
041 _a(Por)
072 _aP11; P31
_b/G514
090 _ P11 BR8705131
100 1 _aAngulo Filho, R.
110 1 _aEscola Superior de Agricultura Luiz de Queiroz, Piracicaba, SP (Brasil)
_0Tese (Doutor em Agronomia)
245 1 _aCaracterizacao da drenagem e do relevo de tres solos do estado de Sao Paulo atraves de fotografias aereas e cartas planialtimetricas
246 1 _aCharacterization of drainage and of relief through aerial photographs and planialtimetric charts for three soils of Sao Paulo state
260 3 _aPiracicaba, SP (Brasil):
_c1986.
300 _a151 p.
500 _a30 illus.; 11 tables; Bibliography p. 121-132 (77 ref.); Summaries (Eng, Por)
650 _aDRENAGEM
650 _aAEROFOTOGRAMETRIA
650 _aSAO PAULO
909 _a202309
_bLucia
_c55
_dLucia Elande
942 _cBK
999 _c40771
_d40771